DANIEL FISCHER : SVETY ZA SVETOM

Bibliographic Details
Main Author: Kvasz, Ladislav, 1962- (Author)
Format: Article
Language:Slovak

MARC

LEADER 00000nab a2200000 a 4500
001 vtls011104840
003 SK-MaSNL
005 20260303171404.0
008 230222|2000 xo |||||||||||||||||slo|
015 |a SNBRB 
035 |a (uuid)a8a718f0-a66a-485b-9cbb-30d74c4ad180 
035 |a (urnnbn)urn:nbn:sk:snk:ar-a087it 
035 |a urn:nbn:sk:snk-ab9b7b 
040 |a SNKBUCL  |b slo  |c SNKBUCL  |e AACR2 
041 0 |a slo 
044 |a xo  |c SK 
100 1 |a Kvasz, Ladislav,  |d 1962-  |4 aut  |9 226791 
245 1 0 |a DANIEL FISCHER :  |b SVETY ZA SVETOM  |c Ladislav Kvasz 
773 0 |t Profil súčasného výtvarného umenia  |g Roč. 7, č. 1 (2000), s. 66-71 
954 |a odborná, vedecká literatúra pôvodná (slovenská)  |2 lita 
958 |a OND 
958 |a EUIPO 
958 |a article13 
999 |c 2081072  |d 2083002